000 00572nam a2200169 a 4500
001 000025793
005 20200930024043.0
008 110217s1976 sp a r 000 | spa d
040 _aDO-SdBNP
_bspa
_cBNPHU
082 _axxxxx
_bH966s,
100 1 _aHurst, Rosemary,
_952600
245 1 0 _aServicios y mantenimiento de hoteles y residencias /
_cRosemary Hurst, traducción, revisión y adaptación por José María Zunzunegui.
260 _aMadrid :
_bParaninfo,
_c1976.
300 _a198 p. :
_bil. ;
_c22 cm.
700 1 _aZunzunegui, José María,
_952601
049 _aBNGR
999 _c25285
_d25285